Francúzsko-slovenský slovník odborných výrazov z odboru urbanizmu, územného plánovania a priestorovej ekonomiky

Guardado en:
Detalles Bibliográficos
Autor principal: Trup, Ladislav
Formato: Libro
Lenguaje:francés
eslovaco
Publicado: Bratislava Slovenské výskumné a vývojové centrum urbanizmu a architektúry 1971
Etiquetas: Agregar Etiqueta
Sin Etiquetas, Sea el primero en etiquetar este registro!

MARC

LEADER 00000nam a2200000 4500
001 c122106
005 20150325110631.0
041 0 |a fre 
041 0 |a slo 
044 |a SK 
245 1 0 |a Francúzsko-slovenský slovník odborných výrazov z odboru urbanizmu, územného plánovania a priestorovej ekonomiky  |c Ladislav Trup 
264 1 |a Bratislava  |b Slovenské výskumné a vývojové centrum urbanizmu a architektúry  |c 1971 
300 |a 166 s. 
100 1 |a Trup, Ladislav